00390pab a2200133 454500008004000000100002000040245008700060260000900147300001400156362000800170650002200178700002200200773003400222180718b2004 xxu||||| |||| 00| 0 eng d aBenson, Michele aInterpersonal trust and the magnitude of protest: a micro and macro level approach c2004 ap.435-57. aMay aProtest movements aRochon, Thomas R. aComparative Political Studies